GUIDE TO FINANCIAL MARKETS WHY THEY EXIS (Record no. 32256)

MARC details
000 -LEADER
fixed length control field 00364nam a2200145Ia 4500
008 - FIXED-LENGTH DATA ELEMENTS--GENERAL INFORMATION
fixed length control field 240624s9999 xx 000 0 und d
041 ## - LANGUAGE CODE
Language code of text/sound track or separate title eng
082 ## - DEWEY DECIMAL CLASSIFICATION NUMBER
Classification number 332 LEV
100 ## - MAIN ENTRY--PERSONAL NAME
Personal name LEVINSON MARC
245 ## - TITLE STATEMENT
Title GUIDE TO FINANCIAL MARKETS WHY THEY EXIS
250 ## - EDITION STATEMENT
Edition statement (6th ed.)
260 ## - PUBLICATION, DISTRIBUTION, ETC.
Date of publication, distribution, etc. 2014
Place of publication, distribution, etc. New York
Name of publisher, distributor, etc. PublicAffairs
300 ## - PHYSICAL DESCRIPTION
Extent 296 p.; 23 cm.
365 ## - TRADE PRICE
Currency code
Price amount 33
Holdings
Withdrawn status Lost status Damaged status Not for loan Home library Current library Shelving location Date acquired Full call number Barcode Date last seen Copy number Price effective from Koha item type
        IMTN IMTN Rack 9-A 07/02/2020 332 LEV 32256 06/24/2024 75 06/24/2024 Books
Designed & Maintained by: LRC IMT Nagpur Contact: lrc@imtnag.ac.in© 2024. All Rights Reserved.